000 00463nam a22001697a 4500
003 SEACOMEC
005 20250307134255.0
008 250307b |||||||| |||| 00| 0 eng d
020 _a978-8123910277
_c215.00
040 _aSEACOMEC
082 _a 621.313
_bS274
100 _a Say, M.G
245 _aThe Performance and Design of Alternating Current Machines /
_cM. G. Say
250 _a3rd ed
260 _aNew Delhi :
_bCBS Publishers,
_c1983
942 _cBOOK
999 _c2069
_d2069